El nuevo escenario político boliviano: ¿traspié electoral o fin de un ciclo? /

Gespeichert in:
Bibliographische Detailangaben
1. Verfasser: Stefanoni, Pablo
Format: Buch
Sprache:Spanish
Tags: Tag hinzufügen
Keine Tags, Fügen Sie den ersten Tag hinzu!

MARC

LEADER 00000nam a22000007a 4500
003 cru CIDCACS/IIS
005 20230606084157.0
007 ta
008 170324e2016 ag ||||| |||| 00| 0 spa d
040 |c CRAI/IIS  |a CRAI/IIS 
090 |a REV0712 (262) 2016 
100 1 |9 3720  |a Stefanoni, Pablo 
245 1 3 |a El nuevo escenario político boliviano:  |b ¿traspié electoral o fin de un ciclo? /  |c Pablo Stefanoni 
300 |a páginas 4-14 
773 0 |0 19022  |9 513  |a Fundación Friedrich Ebert  |d Fundación Friedrich Ebert; Nueva Sociedad  |o 19032  |t Nueva Sociedad / 
942 |2 ddc  |c PP 
999 |c 19056  |d 19056